Normale Ansicht MARC-Ansicht ISBD

Sex and suits : (Titelsatznr. 51161)

[ MARC ]
MARC-Details
000 -Satzkennung
Kontrollfeld mit fester Länge 00547nam a22001931c 4500
001 - Kontrollnummer
Kontrollfeld a987689776
008 - Feld mit fester Länge zur physischen Beschreibung - Allgemeine Angaben
Kontrollfeld mit fester Länge 180420s2016 gw |||| 000u eng d
020 ## - Internationale Standardbuchnummer
Internationale Standardbuchnummer 9781474250658
Verknüpfung 978-1-4742-5065-8
041 ## - Sprachcode
Sprachcode des Textes/der Tonspur oder des separaten Titels eng
040 ## - Katalogisierungsquelle
Übertragungsstelle RU-10907106
003 - Kontrollnummer Identifier
Kontrollfeld RU-10907106
100 1# - Haupteintragung - Personenname
Personenname Hollander, Anne
245 00 - Titel
Titel Sex and suits :
Zusatz zum Titel the evolution of modern dress /
Verfasserangabe etc. Anne Hollander
264 ## - Produktion, Veröffentlichung, Distribution, Herstellung und Urheberrechtsvermerk
Herstellungs-, Veröffentlichungs- Vertriebs-, Erzeugungsort London; Oxford; New York; New Delhi; Sydney :
Produzent, Herausgeber, Distributor, Hersteller Bloomsbury Academic,
Datum der Herstellung, der Veröffentlichung, des Vertriebs oder des Urheberschutzvermerks 2016
300 ## - Physische Beschreibung
Umfang 176 Seiten
650 #0 - Nebeneintragung unter einem Schlagwort - Sachschlagwort
Sachschlagwort oder geografischer Name als Eintragungselement Kleidung
650 #0 - Nebeneintragung unter einem Schlagwort - Sachschlagwort
Sachschlagwort oder geografischer Name als Eintragungselement Mode
942 ## - Zusätzliche Felder (Koha)
Koha-Medientyp Monographien
Exemplare
Ausgeschieden Verloren Klassifikation oder Aufstellungssystematik Beschädigt Nicht entleihbar Heimatbibliothek Aufenthaltsbibliothek Aufstellungsort Erwerbungsdatum Inventarnummer Signatur Barcode Letzte Aktivität Preis gültig von Koha-Medientyp
    Andere/Generische Klassifikation     MWN Osteuropa MWN Osteuropa Lesesaal - 1 20/04/2018 18-01533 W 10 B k Hol E004015078FB9FB9 22/02/2021 22/03/2021 Monographien